Talibanisation & poor governance : (Record no. 4590)
[ view plain ]
| 000 -LEADER | |
|---|---|
| fixed length control field | 00584nam a2200157 4500 |
| 008 - FIXED-LENGTH DATA ELEMENTS--GENERAL INFORMATION | |
| fixed length control field | 240105b |||||||| |||| 00| 0 eng d |
| 082 ## - DEWEY DECIMAL CLASSIFICATION NUMBER | |
| Classification number | 305.42 |
| Item number | UNI |
| 942 ## - ADDED ENTRY ELEMENTS (KOHA) | |
| Item Type | Reports |
| 110 ## - MAIN ENTRY--CORPORATE NAME | |
| Corporate Name | United Nations Committee on the Elimination of Discrimination Against Women |
| 245 ## - TITLE STATEMENT | |
| Title | Talibanisation & poor governance : |
| Sub Title | undermining CEDAW in Pakistan, second shadow report |
| 260 ## - PUBLICATION, DISTRIBUTION, ETC. (IMPRINT) | |
| Place of Publication | Lahore: |
| Name of Publisher | Shirkat Gah, |
| Date of Copyright | [2007?] |
| 300 ## - PHYSICAL DESCRIPTION | |
| Extent | ii, 41 p. : ill. ; 26 cm |
| 650 ## - SUBJECT ADDED ENTRY--TOPICAL TERM | |
| Topical Term | Pakistan- Politics and government |
| 650 ## - SUBJECT ADDED ENTRY--TOPICAL TERM | |
| Topical Term | Women- Legal status, laws, -Pakistan |
| 650 ## - SUBJECT ADDED ENTRY--TOPICAL TERM | |
| Topical Term | Women's rights- Pakistan |
| Withdrawn status | Lost status | Source of classification or shelving scheme | Damaged status | Not for loan | Permanent location | Current location | Date acquired | Total Checkouts | Full call number | Barcode | Date last seen | Price effective from | Koha item type |
|---|---|---|---|---|---|---|---|---|---|---|---|---|---|
| Dewey Decimal Classification | Resource center, Muslim Women's Research And Action Forum | Resource center, Muslim Women's Research And Action Forum | 2024-01-05 | 305.42 UNI | RAF4670 | 2024-01-05 | 2024-01-05 | Reports |

